| 000 | 01328nam a2200289 a 4500 | ||
|---|---|---|---|
| 001 | 000929178 | ||
| 003 | AM-YeHGA | ||
| 005 | 20250617145736.0 | ||
| 008 | 121120s1974 ||||||||r|||||000|0|rus|d | ||
| 040 | _aAM-YeHGA | ||
| 041 | 0 | _arus | |
| 245 | 1 | 0 |
_aПрактические занятия по физиологии человека и животных : _bучебное пособие для студентов биологических факультетов / _cС.А. Георгиева [и др.] ; Куйбышевский государственный педагогический институт им. В.В. Куйбышева. |
| 260 |
_aКуйбышев : _bКГПИ, _c1974. |
||
| 300 |
_aЧасть _a22 см. |
||
| 505 | 0 | _gЧ. 1 (1974,108 с., табл.) | |
| 650 | 1 | 4 | _aФизиология |
| 650 | 1 | 4 | _aФизиологические процессы |
| 650 | 1 | 4 | _aЧеловек |
| 650 | 1 | 4 | _aЖивотное |
| 650 | 1 | 4 | _aУчебные пособия |
| 700 | 1 | _aГеоргиева, С.А. | |
| 700 | 1 | _aМеркулова, Н.А. | |
| 700 | 1 | _aПолтырев, С.С. | |
| 700 | 1 | _aСергиевский, М.В. | |
| 710 | 1 | _aКуйбышевский государственный педагогический институт им. В.В. Куйбышева | |
| 090 | _c319437 | ||
| 999 |
_c317706 _d317706 |
||